000 01186nam0a2200301 4500
001 RU\NLR\bibl\1840024
005 20260405082614.0
010 _a978-5-88820-620-1
_91000
021 _aRU
_b2011-87764
_96262
035 _a(NLR Aleph) 001830491
090 _a2131608
_c2131608
100 _a20111128d2011 |||y0rusy50 ca
101 0 _arus
102 _aRU
105 _aa |||||||||
200 1 _aСтроительная экология
_eмонография
_fК.А. Романова
_gМ-во образования и науки Рос. Федерации, ГОУ ВПО "Волж. гос. инж.-пед. ун-т"
210 _aНижний Новгород
_cИзд-во ВГИПУ
_d2011
215 _a257 с.
_cил.
_d21
320 _aБиблиогр.: с. 252-256 (52 назв.)
606 1 _aСтроительная экология
_91801314
_3RU\NLR\auth\661105267
686 _aН932
700 1 _4070
_7ca
_8rus
_aРоманова
_bК. А.
_cд-р пед. наук
_gКлара Анатольевна
_912274
_3RU\NLR\auth\7729245
801 0 _aRU
_bNLR
_c20111128
_gRCR
801 1 _aRU
_bNLR
_c20111128
942 _cBOOK
980 _aNB
980 _aNBR